Quel était l'ancien nom de... - Statistiques

Statistiques générales
  • Ce quiz a été pris 73 fois
  • Le résultat moyen est 6 sur 20
Statistiques - réponses
Quel était l'ancien nom... Nom actuel % Correct
...de la France/Francie ? Gaule
78%
...de France 2 ? Antenne 2
70%
...de Disneyland Paris ? Euro Disney
52%
...de l'Union Européenne ? Communauté Economique Européenne
51%
...de l'Allemagne ? Prusse
46%
...de New York ? La Nouvelle-Amsterdam
43%
...de Pôle Emploi ? ANPE
40%
...de Tokyo ? Edo
39%
...d'Orange (entreprise) ? France Télécom
37%
...d'inOUI ? TGV
37%
...de Mario ? Jumpman
18%
..de l'Amérique (avant 1503) ? Indes Occidentales
10%
...de Pokémon ? Pocket Monsters
9%
...de l'Australie ? Nouvelle-Hollande
6%
...du pétrole ? Huile de roche
4%
...de One Piece ? Romance Dawn
3%
...de Google ? BackRub
1%
...de la girafe ? Camélopard
1%
...de l'Océan Pacifique ? Mer du Sud
1%
...d'Halloween ? Samain
1%
Aucun quiz correspondant
Distribution des résultats
% des personnes avec chaque résultat
Percentile par nombre de réponses
Votre historique - résultats
Vous n’avez pas pris ce quiz